<?xml version="1.0" encoding="UTF-8"?>
<record
    xmlns:xsi="http://www.w3.org/2001/XMLSchema-instance"
    xsi:schemaLocation="http://www.loc.gov/MARC21/slim http://www.loc.gov/standards/marcxml/schema/MARC21slim.xsd"
    xmlns="http://www.loc.gov/MARC21/slim">

  <leader>00872cam a22002171a 4500</leader>
  <controlfield tag="001">e  09000995 </controlfield>
  <controlfield tag="003">DLC</controlfield>
  <controlfield tag="005">20260227111151.0</controlfield>
  <controlfield tag="008">821215s1890    mau           101 0 eng c</controlfield>
  <datafield tag="010" ind1=" " ind2=" ">
    <subfield code="a">e  09000995 </subfield>
  </datafield>
  <datafield tag="035" ind1=" " ind2=" ">
    <subfield code="a">(OCoLC)9056608</subfield>
  </datafield>
  <datafield tag="040" ind1=" " ind2=" ">
    <subfield code="a">U.S. Office of Education Library</subfield>
    <subfield code="c">NjUPM</subfield>
    <subfield code="d">NjUPM</subfield>
    <subfield code="d">DLC</subfield>
  </datafield>
  <datafield tag="050" ind1="0" ind2="0">
    <subfield code="a">GV205</subfield>
    <subfield code="b">.C63 1889c</subfield>
  </datafield>
  <datafield tag="111" ind1="2" ind2=" ">
    <subfield code="a">Conference in the Interest of Physical Training (1889 :</subfield>
    <subfield code="c">Massachusetts Institute of Technology).</subfield>
  </datafield>
  <datafield tag="245" ind1="1" ind2="0">
    <subfield code="a">Physical training :</subfield>
    <subfield code="b">a full report of the papers and discussions of the conference held in Boston in November, 1889 /</subfield>
    <subfield code="c">reported and edited by Isabel C. Barrows.</subfield>
  </datafield>
  <datafield tag="260" ind1=" " ind2=" ">
    <subfield code="a">Boston :</subfield>
    <subfield code="b">G.H. Ellis,</subfield>
    <subfield code="c">1890.</subfield>
  </datafield>
  <datafield tag="300" ind1=" " ind2=" ">
    <subfield code="a">iv, 135 p. ;</subfield>
    <subfield code="c">24 cm.</subfield>
  </datafield>
  <datafield tag="500" ind1=" " ind2=" ">
    <subfield code="a">Includes indexes.</subfield>
  </datafield>
  <datafield tag="650" ind1=" " ind2="0">
    <subfield code="a">Physical education and training</subfield>
    <subfield code="x">Congresses.</subfield>
  </datafield>
  <datafield tag="700" ind1="1" ind2=" ">
    <subfield code="a">Barrows, Isabel C.</subfield>
    <subfield code="q">(Isabel Chapin),</subfield>
    <subfield code="d">1845-1913.</subfield>
  </datafield>
  <datafield tag="999" ind1=" " ind2=" ">
    <subfield code="c">18830</subfield>
    <subfield code="d">18830</subfield>
  </datafield>
</record>
